000
00288nam a22001217a 4500
008
160505b xxu||||| |||| 00| 0 eng d
020
_a
9780071107372
020
_a
0071107371
041
_a
eng
080
_a
611
245
_a
Anatomy and Physiology:
_c
Kenneth S. Saladin;
942
_2
udc
_c
BK
999
_c
1798
_d
1798